[Event "Solingen-ch"]
[Site "Solingen"]
[Date "2016.12.02"]
[Round "7"]
[White "Wallrodt, Alexander"]
[Black "Wallrodt, Samuel"]
[Result "1-0"]
[WhiteElo "948"]
[BlackElo "921"]
[PlyCount "109"]
[EventDate "2016.09.07"]
[EventType "swiss"]
[EventRounds "7"]
[EventCountry "GER"]
[SourceTitle "EXT 2018"]
[Source "ChessBase"]
[SourceDate "2017.10.13"]
[SourceVersion "1"]
[SourceVersionDate "2017.10.13"]
[SourceQuality "1"]

1. e4 e5 2. Nf3 Nf6 3. d3 Bb4+ 4. Nc3 Nc6 5. Be3 b6 6. d4 exd4 7. Nxd4 Ne5 8. f3 c5 9. Ndb5 d6 10. Nxd6+ Ke7 11. Ndb5 Qxd1+ 12. Rxd1 a6 13. Nc7 Ra7 14. N7d5+ Nxd5 15. Rxd5 f6 16. Be2 Rd8 17. Rxd8 Kxd8 18. 0-0 b5 19. a3 Ba5 20. b4 cxb4 21. Bxa7 bxc3 22. Rd1+ Kc7 23. f4 Ng4 24. h3 Ne3 25. Bxe3 b4 26. axb4 Bxb4 27. Rb1 a5 28. Bb5 Kb8 29. Ra1 Kb7 30. Ba4 Ka6 31. Bc1 Bc5+ 32. Kh2 Bb4 33. Ba3 Bb7 34. Bxb4 axb4 35. Bc6+ Kb6 36. Bxb7 Kxb7 37. Rb1 Kc6 38. Rxb4 Kc5 39. Rb3 Kc4 40. Kg3 Kd4 41. Kf3 g6 42. Rb4+ Kc5 43. Rb7 f5 44. e5 Kc6 45. Rxh7 Kd5 46. Rg7 Ke6 47. Rxg6+ Kd5 48. h4 Kd4 49. h5 Kc4 50. h6 Kd5 51. h7 Kc4 52. h8Q Kb4 53. Rc6 Ka3 54. Qb8 Ka2 55. Ra6# 1-0